| 000 | 01531nam1a22002891i 4500 | ||
|---|---|---|---|
| 001 | v19\rc\1621333 | ||
| 005 | 20260407004748.0 | ||
| 035 | _a(NLR Aleph) 004738770 | ||
| 090 |
_a4483053 _c4483053 |
||
| 100 | _a20061002d18981909|||y0rusy50 ca | ||
| 101 | 0 | _arus | |
| 102 | _aRU | ||
| 105 | _ay z ||||| | ||
| 200 | 1 | _aСмета расходов [и доходов] уездных земских потребностей по Роменскому уезду... | |
| 210 |
_a[Ромны] _d[1898]-[1909] |
||
| 215 | _d25 | ||
| 300 | _aЗагл. смет на 1898 г.: Сметы доходов и расходов Роменской уездной земской управы; на 1909 г.: Смета расходов уездных земских потребностей по Роменскому уезду | ||
| 517 | 0 | _aСметы доходов и расходов Роменской уездной земской управы | |
| 517 | 0 | _aСмета расходов уездных земских потребностей по Роменскому уезду | |
| 532 | 1 | 3 | _aСмета расходов и доходов уездных земских потребностей по Роменскому уезду... |
| 710 | 0 | 2 |
_aРоменская уездная земская управа _3RU\NLR\AUTH\889995696 _9488378 |
| 801 | 0 |
_aRU _bNLR _gpsbo |
|
| 801 | 0 |
_aRU _bRuMoRGB _2psbo |
|
| 801 | 1 |
_aRU _bProSoft-M _2rusmarc |
|
| 852 |
_aNLR _bЗем _j31-14/С1 |
||
| 899 |
_aRuMoRGB (1898-1905*) _jV 295/123 |
||
| 942 | _cBOOK | ||